| 000 | 00571nam a2200169 i 4500 | ||
|---|---|---|---|
| 001 | 28647 | ||
| 003 | ES-MaACL | ||
| 005 | 20230906153914.0 | ||
| 007 | t| | ||
| 008 | 030117s1891 cu ||||1| spa d | ||
| 100 | 1 |
_aBalmaseda, Francisco Javier ( _d1833-1907) _925095 |
|
| 245 | 1 | 3 |
_aEl libro de los labradores _b: lectura para las escuelas y para las familias / _cpor Francisco Javier Balmaseda. |
| 260 |
_aHabana : _bImp. Nacional y Extranjera, _c1891. |
||
| 300 |
_a312 p. ; _c16 cm. |
||
| 650 | 4 |
_aAgricultura- _vLibros escolares. _9159227 |
|
| 852 |
_aES-MaACL _jG-2015 |
||
| 999 |
_c28647 _d28647 |
||